Estadísticas para Plantilla Real Madrid CF Femenino 2023/24

Haz click aquí para intentar la prueba.

Estadísticas generales

  • Esta prueba ha sido intentada 11 veces
    (6 desde el último reinicio)
  • La puntuación promedio es 13 de 25

Estadísticas de respuestas

DorsalPosiciónJugadora% Correcto
22DELAthenea del Castillo
100%
5DEFIvana Andrés
80%
1PORMisa Rodríguez
80%
7DEFOlga Carmona
80%
3MEDTeresa Abelleira
80%
16DELCaroline Møller
60%
10MEDCaroline Weir
60%
15DELHayley Raso
60%
18DELLinda Caicedo
60%
8MEDMaite Oroz
60%
20DELNaomie Feller
60%
11DEFOihane Hernández
60%
4DEFRocío Gálvez
60%
9DELSigne Bruun
60%
21MEDClaudia Zornoza
40%
14DEFKathellen Sousa
40%
2DEFKenti Robles
40%
13PORMylène Chavas
40%
27 (f)MEDOlaya Enrique
40%
6MEDSandie Toletti
40%
23DEFSofie Svava
40%
17DELCarla Camacho
20%
24MEDFreja Siri
20%
46 (f)DELMarisa García
20%
48 (f)DELPau Comendador
20%

Distribución de puntuación

Porcentaje por número respondido

Porcentaje de gente con cada puntuación

Historial de tus puntuaciones

No has intentado esta prueba desde el último reinicio